Cuadrángulo Vicuña, provincia de Coquimbo
Enregistré dans:
| Auteur principal: | |
|---|---|
| Format: | Livre |
| Langue: | espagnol |
| Publié: |
Santiago
Instituto de Investigaciones Geológicas
1967
|
| Collection: | Carta Geológica de Chile, 16
|
| Sujets: | |
| Tags: |
Ajouter un tag
Pas de tags, Soyez le premier à ajouter un tag!
|
MARC
| LEADER | 00000nam a2200000 a 4500 | ||
|---|---|---|---|
| 001 | UCK1479 | ||
| 003 | CL-VaPUC | ||
| 008 | 041112e19670000CL |||||||||||||||||spa|d | ||
| 082 | 0 | 4 | |a 558.3 |b DED |2 21 |
| 100 | 0 | |a Dediós Ayala, Pedro |e author |9 489378 | |
| 245 | 1 | 0 | |a Cuadrángulo Vicuña, provincia de Coquimbo |
| 300 | |a 65 p | ||
| 942 | |c BK | ||
| 945 | |d 20041112 00:00:00 |a cmena | ||
| 260 | |a Santiago |b Instituto de Investigaciones Geológicas |c 1967 | ||
| 500 | |a Escala: 1:50.000 | ||
| 500 | |a Incluye 1 mapa | ||
| 650 | 7 | |a MAPAS GEOLOGICOS |2 CL-VaPUC |9 362393 | |
| 650 | 0 | |a Recursos naturales |9 255232 | |
| 650 | 7 | |a RECURSOS MINERALES |2 CL-VaPUC |9 351120 | |
| 651 | 7 | |a REGION 04 |2 CL-VaPUC |9 264479 | |
| 583 | |a last modification |c 20041112 00:00:00 |k Rodrigo Vera | ||
| 490 | 0 | |a Carta Geológica de Chile, 16 | |
| 999 | |c 311448 |d 311446 | ||
| 952 | |0 0 |1 0 |4 0 |6 558_300000000000000_DED_1967 |7 0 |8 F |9 380831 |a BIBING |b BIBING |d 2019-11-21 |i 4040821 |o 558.3 DED 1967 |p 4040821 |r 2025-01-20 |w 2019-11-21 |y BK_F |k GEO | ||